Hacía una feliz lactancia materna (Registro nro. 80918)

Detalles MARC
000 -ENCABEZADO
Número de control [NR] 00699nam a22002057a 4500
008 - DE LONGITUD FIJA DE DATOS DE ELEMENTOS - INFORMACIÓN GENERAL
Elementos de longitud fija [NR] 130821s1992 ck gr spa
040 ## - FUENTE DE CATALOGACION [NR]
Agencia de catalogación original [NR] Co-BoUCM
Idioma de catalogación [NR] spa
041 00 - CODIGO DE IDIOMA [R]
Código de idioma para texto/pista de sonido o título separado [R] Español
060 ## - SIGNATURA TOPOGRAFICA DE LA BIBLIOTECA NACIONAL DE MEDICINA (NLM) [R]
Número clasificador [R] WP 825
Número de ítem [NR] O76h
100 ## - ASIENTO PRINCIPAL--NOMBRE PERSONAL [NR]
Nombre personal [NR] Osorno, Jairo
ID Autoridad 102968
245 00 - MENCION DE TITULO [NR]
Título [NR] Hacía una feliz lactancia materna
Parte restante del título [NR] Texto práctico para profesionales de la salud
Mención de responsabilidad, etc. [NR] Jairo Osorno
260 ## - PUBLICACION, DISTRIBUCION, ETC. (PIE DE IMPRENTA) [R]
Lugar de publicación, distribución, etc. [R] Bogotá (Cundinamarca, Colombia)
Nombre del editor, distribuidor, etc. [R] Gente Nueva
Fecha de publicación, distribución, etc. [R] 1992
300 ## - DESCRIPCION FISICA [R]
Extensión [R] 232 páginas
490 ## - MENCION DE SERIE [R]
Mención de serie [R] [Plan nacional de apoyo a la lactancia materna]
650 04 - ASIENTO SECUNDARIO DE MATERIA - TERMINO TEMATICO [R]
Término temático o nombre geográfico como elemento de entrada [NR] Ginecología
9 (RLIN) 217
650 04 - ASIENTO SECUNDARIO DE MATERIA - TERMINO TEMATICO [R]
Término temático o nombre geográfico como elemento de entrada [NR] Lactancia materna
9 (RLIN) 18256
650 04 - ASIENTO SECUNDARIO DE MATERIA - TERMINO TEMATICO [R]
Término temático o nombre geográfico como elemento de entrada [NR] Salud pública
9 (RLIN) 8073
700 ## - ASIENTO SECUNDARIO - NOMBRE PERSONAL [R]
Nombre personal [NR] Tít.
9 (RLIN) 57137
942 ## - ELEMENTOS DE ENTRADA AGREGADOS (KOHA)
Tipo de ítem principal el descrito en 300a Libro
Tema principal Medicina
Edición 1
Parte restante de la signatura top. O76h
Sistema de clasificación NLM
Clasificación WP 825
Título oculto en OPAC No
Existencias
Fecha de último préstamo Total préstamos Signatura topográfica Código de barras Última vez visto Ejemplar Price effective from Tipo de ítem Perdido Sistema de clasificación Dañado No prestable Tipo de ítem específico Suprimido Ubicación habitual Ubicación actual Localización Fecha de creación Forma de adquisición Costo Total Renewals
05/03/2010 1 WP 825 O76h 200016966 06/03/2015 Ej.3 03/02/2013 Libro   NLM     Libro   Bodega Bodega Préstamo 4 días después de solicitado 08/02/2008 Donación 26000.00  
08/03/2010 1 WP 825 O76h 200016967 04/03/2015 Ej.4 03/02/2013 Libro   NLM     Libro   Bodega Bodega Préstamo 4 días después de solicitado 08/02/2008 Donación 26000.00  
24/07/2024 40 WP 825 O76h 200005132 01/12/2025 Ej.1 03/02/2013 Libro   NLM     Libro   Hospital Universitario Mayor Hospital Universitario Mayor 9no piso 28/02/2003 Donación 0.00  
08/10/2021 46 WP 825 O76h 200006733 12/12/2025 Ej.2 03/02/2013 Libro   NLM     Libro   Quinta de Mutis Quinta de Mutis 2do piso 28/02/2003 Donación 0.00 11